[Event "Czerniak Memorial 14th"]
[Site "Tel Aviv"]
[Date "1998.04.09"]
[Round "1"]
[White "Polgar, Sofia"]
[Black "Skripchenko, Almira"]
[Result "1/2-1/2"]
[WhiteElo "2485"]
[BlackElo "2400"]
[Annotator "Ribli,Z"]
[PlyCount "58"]
[EventDate "1998.04.09"]
[EventType "tourn"]
[EventRounds "9"]
[EventCountry "ISR"]
[EventCategory "9"]
[SourceTitle "CBM 065"]
[Source "ChessBase"]
[SourceDate "1998.08.06"]
[SourceVersion "1"]
[SourceVersionDate "1998.08.06"]
[SourceQuality "1"]

1. e4 c5 2. Nf3 e6 3. d4 cxd4 4. Nxd4 Nc6 5. Nc3 Qc7 6. Be2 a6 7. O-O Nf6 8.
Be3 Bb4 {Anstelle der Partiefortsetzung kann Schwarz mit 8...d6 die
Scheveninger Variante wählen. Ribli.} 9. Na4 Be7 {Heutzutage ist dieser
Läuferzug sehr in Mode. Nach 9.Na4 steht der Läufer auf b4 nicht so gut und in
einigen Varianten spielt Weiß c4-c5 und droht den Läufer mit a2-a3 zu fangen.}
10. c4 $5 (10. Nxc6 bxc6 11. Nb6 Rb8 12. Nxc8 Qxc8 13. e5 Nd5 14. Bc1 {Mit der
Idee 15.c4 und dem Läuferpaar steht Weiß zwar theoretisch etwas besser, aber
in der Praxis fällt es dem Schwarzen relativ leicht, das Gleichgewicht zu
halten. Mit der Partiefortsetzung opfert Weiß einen Bauern.}) 10... Nxe4 (10...
O-O 11. Nc3 $14 {Weiß hat eine bequeme Stellung. Er verfügt über Raumvorteil
und die bessere Entwicklung. Es wurde beiderseitig (8...Bb4, 9...Be7 und 9.Na4,
11.Nc3) ein Tempo verloren.}) 11. Bf3 {[%csl Ga4,Gc4,Rc8,Ge3,Gf3]} (11. Nxc6
bxc6 12. Qd4 {[%cal Rd4g7,Rd4e4]} Nf6 13. Nb6 Rb8 14. c5 $44 {[%csl Gb6]} d6
15. cxd6 Bxd6 16. Nc4 Bxh2+ 17. Kh1 c5 18. Qxc5 Qxc5 19. Bxc5 $36 {[%csl Re8,
Rh2]}) 11... Ng5 $5 $13 {Weiß entfaltet großen positionellen Druck am
Damenflügel und der schwarze Damenläufer steht unglücklich, aber ich bin nicht
überzeugt, ob die Kompensation ausreichend ist.} (11... Nf6 12. c5 O-O 13. Rc1
Re8 (13... Rd8 14. Qb3 Qe5 (14... Ne5 15. Bf4 Nxf3+ $2 (15... d5 $5 16. Kh1 $5
Nfd7 17. c6 $40) 16. Qxf3 e5 17. Nf5 $18 Re8 18. Nb6 Rb8 19. Qg3 $1 Nh5 20.
Bxe5 d6 21. cxd6 Qxb6 22. Nxe7+ Kf8 23. Qg5 {1-0 Varavin,V-Tunik,G/Kstovo op
1994}) 15. Qc3 Kh8 16. Nb6 Rb8 17. g3 Qc7 18. Rfd1 d6 19. cxd6 Bxd6 {1/2-1/2
Varavin,V-Pugachov,A/Paris op 1996 (22)}) 14. Re1 Bf8 15. Nb6 Rb8 16. Qd2 Bxc5
17. Nxc6 bxc6 18. Bxc5 Rxb6 19. Bxb6 Qxb6 20. Qc3 {1/2-1/2 Outerelo,M-Sion
Castro,M/Sevilla op 1989}) (11... f5 $5 12. Nxc6 bxc6 13. Bxe4 fxe4 14. c5 O-O
15. Qd4 $14) (11... d5 12. cxd5 (12. Rc1 $44 {[%csl Gc1,Rc7][%cal Gc1c7]})
12... exd5 13. Rc1 {[%csl Gc1,Rc7]} O-O 14. Nxc6 bxc6 15. Nb6 Rb8 16. Nxd5 $16)
12. Bxc6 (12. c5 $44 d5 13. cxd6 Nxf3+ 14. Nxf3 Bxd6 15. Nb6 Rb8 16. Nc4) (12.
Be2 $6 {Dieser Zug wäre kaum logisch, denn Schwarz könnte mit 12...Ne4 die
Züge wiederholen.}) 12... bxc6 (12... dxc6 13. Nb6 (13. c5 e5 14. Nb6 Rb8 $15 (
14... exd4 15. Nxa8 Qb8 16. Bxg5 Bxg5 17. Nb6 $16)) 13... Rb8 (13... Qxb6 14.
Nxe6 {[%csl Rb6][%cal Re6g5,Re3g5,Re3b6]} Qa5 (14... Qxe3 $2 15. Nc7+ Kf8 16.
fxe3 $18) 15. Bd2 Qb6 (15... Qe5 16. Nxg5 {[%cal Gf1e1,Ge1e7]} Bxg5 $4 17. Re1
$18) 16. Be3 $11 (16. Nxg5 Qxb2 17. Re1 $13)) 14. Nxc8 Qxc8 (14... Rxc8 15.
Bxg5 Bxg5 16. Nxe6 $1 fxe6 17. Qh5+ Qf7 18. Qxg5 $14 {Weiß hat durch die
geschwächte schwarze Bauernstruktur einen kleinen Positionsvorteil.}) 15. Bf4
Ra8 16. Qg4 $44) 13. c5 {Der schwarze Damenläufer ringt nach Luft und Weiß
entfaltet Druck über die schwarzen Felder.} O-O (13... e5 $6 14. Nf5 $44 {
[%csl Gf5]}) 14. f4 (14. Qd3 {[%csl Rg5][%cal Rf2f4]} f5 {[%cal Gg5f7]}) 14...
Ne4 15. f5 d5 $15 (15... e5 16. Nb3 $44 (16. Nb6 Rb8 17. Nb3)) (15... Nxc5 {
Dieser Zug wäre in einer praktischen Partie riskant, denn er gibt Gegenchancen
am Königsflügel.} 16. f6 gxf6 (16... Bxf6 $2 17. Nxc5) (16... Nxa4 $2 17. fxe7
$18) 17. Rf3 (17. Bh6 f5 $17) 17... Nxa4 18. Rg3+ Qxg3 (18... Kh8 19. Qg4 {
[%csl Rh8][%cal Rg3g7]} Qxg3 20. Qxg3 $13) 19. hxg3 $13) 16. fxe6 Bxe6 $6 {
Zwar bekommt Schwarz nach dieser natürlichen Partiefortsetzung keine Probleme,
aber meines Erachtens wäre es anspruchsvoller (wenngleich auch riskanter), mit
dem Bauern zurückzuschlagen.} (16... fxe6 $5 {Schwarz droht 17...e5.} 17. Qg4 (
17. Rxf8+ Bxf8 18. Nb6 Rb8 $17 {[%csl Rd4][%cal Re6e5]}) 17... e5 (17... Nxc5
18. Nxc5 Bxc5 (18... Rxf1+ 19. Rxf1 Bxc5 $17) 19. Rxf8+ Bxf8 20. Nxe6 $2 Qe5
$19 {[%csl Gc8,Re3,Ge5,Re6,Rg4]}) 18. Ne6 Bxe6 19. Qxe6+ Kh8 $17) 17. b4 {
Weiß muß c5 decken.} Bf6 18. Bf4 Qb7 (18... Qc8 19. Nb6 {[%cal Rb6c8,Rb6a8]}) (
18... Qd7 19. Nb6 {[%cal Rb6d7,Rb6a8]}) 19. Rb1 Rfe8 20. Qd3 {Ich glaube, die
weiße Kompensation ist kaum ausreichend, aber es ist für Schwarz nicht leicht,
voranzukommen. Der weiße Springer steht ausgezeichnet auf d4 und der Läufer e6
ist ein wenig passiv. Die schwarze Bauernmehrheit am Königsflügel ist
schwierig zu mobilisieren.} Bg4 21. Nb6 Bxd4+ $6 {Ich glaube, Schwarz kann
damit noch warten.} (21... Rad8 $5) 22. Qxd4 {[%csl Gd4]} Rad8 23. h3 Bh5 24.
a4 $5 {[%csl Gb6,Rb7,Gd4] In einigen Varianten kann Weiß aktives Gegenspiel am
Damenflügel mit b4-b5 entfalten.} h6 25. Rfc1 (25. b5 $2 axb5 26. axb5 cxb5 27.
Rxb5 Be2 $19 {[%cal Re2f1,Re2b5]}) 25... Bg6 {[%cal Gg6b1]} 26. Rb2 {Weiß
vermeidet mögliche Motive in der Diagonalen h7-b1.} (26. b5 axb5 27. axb5 Nf6 {
[%csl Ye4][%cal Gg6b1,Ge8e4]} (27... cxb5 $2 $14 28. c6 {[%csl Gb6,Rb7,Gc6]
[%cal Rc6c7]}) 28. bxc6 Qxc6 $17) 26... Ng5 $1 $17 {[%csl Ye4][%cal Ge8e4,
Gg6e4,Gg5e6] Der Springer strebt nach e6 und räumt das Feld e4 für Läufer oder
Turm.} 27. Qd2 (27. Bxg5 hxg5 28. Qg4 Qe7 $17) 27... Ne4 $6 (27... Ne6 28. Bg3
(28. Bd6 $2 Rxd6 29. cxd6 Qxb6+ $19) 28... Be4 $17 {[%csl Ge4]}) 28. Qd4 Ng5
29. Qd2 Ne4 $2 {Und Weiß kann in für Schwarz besserer Stellung mit 30.Qd4
dreimalige Stellungswiederholung erreichen. Daher endete die Partie hier mit
Remis. Ich denke, Schwarz befand sich in Zeitnot.} 1/2-1/2

[Event "Serbian-ch 29th"]
[Site "Sabac"]
[Date "1998.04.21"]
[Round "2"]
[White "Cabrilo, Goran"]
[Black "Kogan, Artur"]
[Result "1/2-1/2"]
[WhiteElo "2490"]
[BlackElo "2505"]
[Annotator "Ribli,Z"]
[PlyCount "73"]
[EventDate "1998.04.20"]
[EventType "tourn"]
[EventRounds "13"]
[EventCountry "YUG"]
[EventCategory "9"]
[SourceTitle "CBM 065"]
[Source "ChessBase"]
[SourceDate "1998.08.06"]
[SourceVersion "1"]
[SourceVersionDate "1998.08.06"]
[SourceQuality "1"]

1. e4 c5 2. Nf3 Nc6 3. d4 cxd4 4. Nxd4 e6 5. Nc3 Qc7 6. Be2 a6 7. O-O Nf6 8.
Be3 Bb4 9. Na4 Be7 10. c4 {Das ist eine riskante, aber chancenreiche
Fortsetzung für Weiß. Ribli.} Nxe4 11. c5 {Für den geopferten Bauern entfaltet
der Weiße starken positionellen Druck am Damenflügel. Trotz der schwarzen
Entwicklungsprobleme hat Weiß aber noch keine konkreten Drohungen.} f5 (11...
O-O 12. Rc1 (12. g3 d5 13. cxd6 Qxd6 14. Nxc6 bxc6 15. Qc2 Nf6 16. Nb6 Rb8 17.
Bf4 e5 18. Nc4 Qc5 19. Bxe5 Rb4 20. Bf4 Bf5 21. Qc1 Bg4 22. Bd3 {Howell,
J-Rahman,Z/Calcutta op 1996/1/2-1/2 (64)}) 12... f5 $5 13. g3 (13. f4 d5 $1 14.
cxd6 Bxd6 15. Bd3 Nf6 16. Bc4 Ng4 $13 {Shirov}) 13... Rb8 (13... Bg5 14. Bxg5
Nxg5 15. Nb6 Rb8 16. Nc4 Nf7 17. Nf3 Rd8 18. Qb3 b5 19. cxb6 Qb7 20. Qe3 d5 21.
Nce5 Ncxe5 22. Nxe5 Nxe5 23. Qxe5 Qxb6 24. Rc7 Bd7 25. b3 Rbc8 26. Rfc1 a5 {
Anand,V-Ljubojevic,L/Amber Blindfold, Monte Carlo MON 1998/1/2-1/2 (71)}) 14.
Bf3 (14. Qb3 Kh8 15. Rfd1 d5 16. cxd6 Bxd6 17. Nxe6 Bxe6 18. Qxe6 Rbe8 19. Qb3
Nxf2 20. Bxf2 Rxe2 {0-1 Shirov,A-Lautier,J/Amber Blindfold, Monte Carlo MON
1998 (25)}) (14. Bf4 e5 15. Nxf5 exf4 16. Qd5+ Kh8 17. Nxe7 Nxe7 18. Qxe4 d5
19. cxd6 Qxd6 20. Rfd1 Qf6 21. Qd4 fxg3 22. hxg3 Qg5 23. Nc5 Bh3 24. Qd2 Qg6
25. Bd3 Qf7 26. Bc4 {1/2-1/2 Velimirovic,D-Miladinovic,I/Jugoslavija 1997})
14... Ng5 15. Bg2 e5 16. Nf3 Nxf3+ 17. Bxf3 f4 18. Be4 fxe3 19. Qh5 g6 20. Bxg6
hxg6 21. Qxg6+ Kh8 22. fxe3 d5 {1/2-1/2 Anand,V-Lautier,J/Amber Rapid, Monte
Carlo MON 1998}) (11... Nf6 12. Bf3 Kf8 13. Rc1 $44 {[%csl Yb6,Gc5,Rc8,Ge3,Gf3]
}) 12. g3 {Weiß stoppt den schwarzen f-Bauern und droht Bf4.} (12. Rc1 f4 $36 {
[%csl Re3]}) 12... Nxd4 (12... O-O 13. Nb6 (13. Rc1 $44) 13... Rb8 14. Bf4 d6 (
14... e5 15. Nd5 {[%csl Rc7,Gd5]} Qd8 16. Nxc6 dxc6 17. Bxe5 $14 {[%csl Rb8,
Gd5,Ge5]}) 15. cxd6 Bxd6 16. Nxc8 {[%csl Re6]} Qxc8 17. Bxd6 Nxd6 18. Rc1 $44 {
[%csl Gc1,Rc8,Re6][%cal Gc1c8]}) 13. Qxd4 O-O (13... Bf6 $5 14. Qd3 O-O 15. f3
Ng5 16. Rac1 $44 {[%csl Gb6,Rc8]}) 14. Rac1 Ng5 (14... d6 15. Nb6 Rb8 16. cxd6
Qxd6 17. Qxd6 (17. Rfd1 $44) 17... Bxd6 18. Rfd1 $44 {[%csl Gb6,Gc1,Rc8,Gd1]})
(14... d5 $2 15. Nb6 Ra7 (15... Rb8 16. Bf4 $18) (15... Bxc5 $2 16. Nxa8 Bxd4
17. Nxc7 Bxe3 18. fxe3 $18) 16. b4 $44 {[%csl Ra7]} (16. c6 {[%csl Ra7][%cal
Ge3a7]} Bc5 17. Rxc5 Qxb6 18. Rxd5 Qxc6 (18... Qxd4 19. Rxd4 {[%csl Ra7]} Ra8 (
19... bxc6 $2 20. Rxe4 fxe4 21. Bxa7 $18) 20. c7 $16) 19. Rd8 $36)) 15. f4 Nf7
(15... Ne4 16. Bf3 $13 {[%csl Re4]}) 16. Nb6 Rb8 17. Rfd1 $44 {[%csl Gb6,Gc5,
Rc8] Schwarz besitzt einen Mehrbauern, ist aber mit seiner Entwicklung im
Rückstand. Es ist dabei besonders schwierig, eine Lösung für den Damenläufer
zu finden.} Bf6 (17... d5 18. cxd6 Qxd6 19. Bf3 $14 {[%csl Gb6,Rb8,Gc1,Rc8,Gd1,
Gd4,Ge3,Gf3]} (19. Qc4 $5 {[%csl Gb6,Gc1,Gc4,Rc8,Gd1,Rd6,Ge2,Ge3,Re6][%cal
Rd1d6]}) (19. Bc4 {[%csl Rc8,Re6][%cal Gc4g8]})) 18. Qd2 (18. Qa4 {[%csl Rd7]
[%cal Gb6d7,Ga4d7,Gd1d7]} Qc6 $1 (18... Rd8) (18... Bxb2 $6 19. Rc2 Bf6 20.
Nxd7 Bxd7 21. Rxd7 Qc6 (21... Qc8) 22. Qxc6 bxc6 23. Bxa6 $14 {[%csl Ga2,Ga6,
Ge3]})) 18... Qc6 {Die schwarze Dame verhindert die Drohung 19.Bf3.} 19. b4 {
Ich bin der Meinung, daß Weiß mehr als ausreichende Kompensation für den
geopferten Bauern hat. Es ist für Schwarz sehr schwierig, einen Befreiungsplan
zu entwickeln.} (19. Kf2 {[%cal Re2f3,Rf3c6]}) (19. Nxd7 Bxd7 20. Qxd7 Qe4 $1 {
[%csl Re2,Re3,Ge4]} (20... Qxd7 21. Rxd7 Bxb2 22. Rb1 $14 {[%csl Rb7,Ge2,Ge3]})
21. Qd2 Rfd8 (21... Bxb2 $2 22. Rc4 Rbd8 23. Rxe4 Rxd2 24. Rxd2 fxe4 25. Rxb2
$18) 22. Bd3 Qc6 $13) 19... Rd8 20. Qe1 (20. Bf1 $14 {[%cal Rf1g2,Rg2c6]} d5 $6
21. cxd6 Qxd6 (21... Rxd6 22. Rxc6 Rxd2 23. Rxc8+ Rxc8 24. Rxd2 $18) 22. Qc2
Qc6 23. Rxd8+ Bxd8 24. Qf2 $18 {[%csl Rc6,Rc8][%cal Gc1c8] Und Schwarz
verliert seinen Läufer.}) 20... g5 {Eine originelle Idee, aber Weiß muß nicht
nehmen.} 21. Bf1 $14 {Weiß postiert seinen Läufer sehr gefährlich in der
langen Diagonalen.} (21. fxg5 Nxg5 $15 {[%csl Rg1][%cal Rg5h3]}) 21... gxf4 22.
Bxf4 (22. gxf4 Kh8 $132 {[%csl Rg1][%cal Rd8g8,Rg8g1]}) (22. Bg2 $2 f3) 22...
e5 23. Be3 $6 (23. Bg2 $5 {[%csl Rc6][%cal Rg2c6]} Qe6 (23... d5 24. Rxd5 $16 {
[%csl Gb6,Gd5,Gg2,Rg8]}) (23... Qb5 24. a4 $18) 24. Rd6 {[%csl Re6]} Nxd6 (
24... Qe7 25. Nd5 $18) (24... Qxa2 25. Bd5 $18) (24... Qe8 25. Rxf6 $18) 25.
Bd5 {[%cal Rd5g8]} exf4 26. Bxe6+ (26. cxd6 Bd4+ 27. Kg2 Bxb6 28. Bxe6+ dxe6
29. Rxc8 Rbxc8 30. Qxe6+ Kg7 31. Qe7+ Kg6 32. Qe6+ $11) 26... dxe6 27. Nxc8
Nxc8 28. Qxe6+ Kg7 29. gxf4 $40) 23... f4 (23... e4 24. Bc4 $16 {[%csl Gc4]
[%cal Gc4g8]}) 24. Bg2 (24. gxf4 $16 {[%csl Rc6,Rc8]}) 24... Qe6 25. gxf4 $16 (
25. Rd6 Qf5 $13 (25... Nxd6 26. Bd5 {[%cal Rd5g8]} fxe3 27. cxd6 $18)) 25... d6
{Schwarz hat das Material zurückgegeben und möchte sich so vom starken
positionellen Druck befreien.} 26. cxd6 $2 (26. Nxc8 exf4 (26... Rbxc8 27. Qg3+
Kh8 28. Bh3 $18 {[%cal Rh3c8]}) (26... Rdxc8 27. Qg3+ Kh8 28. Bh3 $18) (26...
Qxc8 27. cxd6 $18 {[%csl Gc1,Gd6,Gg2]}) 27. Bxf4 Qxe1+ 28. Rxe1 Rbxc8 29. Bxb7
$18 {[%csl Gb7,Gc5,Gf4]}) (26. Qg3+ Qg4 27. Nxc8 Qxg3 28. hxg3 Rdxc8 29. cxd6
Rxc1 30. Bxc1 $16 {[%csl Gc1,Gd6,Gg2]}) (26. Kh1) 26... Kh8 {Der schwarze
König räumt die Diagonale h1-a8.} (26... Rxd6 27. Rxd6 Qxd6 (27... Nxd6 28. Bd5
$18 {[%cal Rd5g8]}) 28. Nxc8 $18) (26... Nxd6 27. Bd5 $18 {[%cal Rd5g8]}) 27.
fxe5 (27. Nxc8 Rbxc8 28. Rxc8 Qxc8 (28... Rxc8 29. d7 Rd8 30. Qd2 $16 {[%csl
Gd1,Gd2,Gd7,Ge3,Gg2]}) 29. Bc5 (29. Bb6 Rxd6 30. Rxd6 Nxd6 31. fxe5 Qe6 {
[%cal Ge6e1]} 32. Bd4 $16) 29... exf4 30. Qe4 $16 {[%csl Gd6]}) (27. Bc5 $16)
27... Nxe5 28. Bf4 Bd7 29. Rc5 $5 {Ich glaube, daß Weiß viele chancenreiche
Möglichkeiten hat, es in der praktischen Partie aber nicht so leicht ist, alle
Varianten zu berechnen.} (29. Rc7 $1 Bc6 30. Re7 $1 {[%cal Re7e5]} (30. Bxe5
Bxe5 31. Re7 Rg8 $1 32. Qe2 $13 (32. Rxe6 Rxg2+ 33. Kh1 (33. Kf1 Rf8+ $19)
33... Rd2+ {[%csl Gc6,Gd2,Ge5,Rh1]} 34. Kg1 Bxh2+ 35. Kf1 Bg2#)) 30... Bxe7 (
30... Qg4 31. Bg3 Bxg2 32. Rxe5 Bxe5 33. Qxe5+ Kg8 34. Rd4 $18) 31. Qxe5+ Qxe5
(31... Qf6 32. Nd5 Bxd5 (32... Rxd6 33. Qxf6+ $18) 33. dxe7 $18) 32. Bxe5+ Kg8
33. Bd5+ Bxd5 34. dxe7 $18) (29. Nd5 Bg7 (29... Rg8 30. Bg3 $18 (30. Nxf6 Nf3+
$19 {[%cal Gg8g1]})) 30. Ne7 $18 {[%csl Gd6,Re6,Ge7]}) (29. Nxd7 Rxd7 30. Rd5
$16) 29... Bc6 30. Rxe5 (30. Bxe5 Rg8 $132 {[%csl Gc6,Rg1,Gg8]} 31. Bxf6+ Qxf6
32. Rc2 (32. Rxc6 bxc6 33. Nc4 Rxg2+ 34. Kxg2 Rg8+ {[%csl Gf6,Rg2,Gg8]}) 32...
Bxg2 33. Rxg2 Rxg2+ 34. Kxg2 Rg8+ 35. Qg3 Rxg3+ 36. hxg3 $15) 30... Qg4 {
[%csl Gc6,Gf6,Rg1,Gg4]} 31. Bg3 $18 {Weiß hat eine Figur mehr und sehr gute
Gewinnchancen.} Re8 32. Rxe8+ $2 {Dieser Zug läßt dem Schwarzen zu viele
Gegenchancen.} (32. Nd5 $18) (32. h3 {Verjagt die Dame von ihrer guten
Position, wonach Schwarz nichts hat.} Qg6 33. Rxe8+ Rxe8 34. Qf2 $16) (32. d7
Rxe5 (32... Bxe5 33. dxe8=Q+ Rxe8 34. Bxe5+ Kg8 35. Rd2 $18) 33. d8=Q+ Rxd8 (
33... Bxd8 34. Qxe5+ $18) 34. Rxd8+ Bxd8 35. Qxe5+ $18) 32... Rxe8 {[%csl Gc6,
Ge8,Gf6,Rg1,Gg4]} 33. Qf1 (33. Qd2 Re2 $15 {[%csl Gc6,Ge2,Gf6,Rg1,Gg4][%cal
Re2g2,Re2d2]}) 33... Bd4+ 34. Rxd4 (34. Kh1 $2 Bxg2+ 35. Kxg2 Re2+ 36. Kh1 Qe4+
) (34. Bf2 Bxf2+ 35. Kxf2 Bxg2 $19 {[%csl Rf1,Rf2]} 36. Qxg2 Re2+ 37. Kf1 Qxg2#
) 34... Qxd4+ {[%cal Rd4g1,Rd4b6]} 35. Bf2 $2 (35. Qf2 $16) 35... Qxd6 $16 {
Weiß besitzt zwei Leichtfiguren gegen den schwarze Turm, aber auch die weiße
Königsstellung ist schwach.} 36. Qa1+ Kg8 {[%csl Gc6,Gd6,Ge8,Rg1]} 37. Qc1 {
Und hier wurde die Partie Remis gegeben. Ich denke, beide Spieler befanden
sich in Zeitnot. Die weißen Figuren sind dem schwarzen Turm überlegen.} (37.
Qc1 Bxg2 38. Qc4+ {[%csl Rg8]} (38. Kxg2 $2 Qg6+ 39. Kf1 Qd3+ 40. Kg1 Qg6+ $11
41. Bg3 $4 Qxb6+ $19) 38... Qe6 39. Qxe6+ Rxe6 40. Kxg2 $16 {Weiß sollte hier
seinen Materialvorteil, auch wenn es nicht ganz einfach ist, langsam verwerten.
}) 1/2-1/2

[Event "Budapest zt 1.4"]
[Site "Budapest"]
[Date "2000.06.20"]
[Round "4"]
[White "Radulski, Julian"]
[Black "Macieja, Bartlomiej"]
[Result "0-1"]
[WhiteElo "2421"]
[BlackElo "2538"]
[Annotator "Ribli,Z"]
[PlyCount "80"]
[EventDate "2000.06.17"]
[EventType "swiss"]
[EventRounds "9"]
[EventCountry "HUN"]
[SourceTitle "CBM 078"]
[Source "ChessBase"]
[SourceDate "2000.10.18"]
[SourceVersion "1"]
[SourceVersionDate "2000.10.18"]
[SourceQuality "1"]

1. e4 c5 2. Nc3 e6 3. Nf3 Nc6 4. d4 cxd4 5. Nxd4 Qc7 6. Be2 a6 7. O-O Nf6 8.
Be3 Bb4 (8... d6) 9. Na4 Be7 10. Nxc6 bxc6 11. Nb6 Rb8 12. Nxc8 Qxc8 13. e5 {
Diese alte Fortsetzung bietet Weiß keinen Eröffnungsvorteil. Die moderne
Alternative - 13.Bd4 - ist stärker.} Nd5 14. Bc1 {Das Hauptproblem von Weiß in
der Variante mit 13.e5 besteht darin, dass sein schwarzfeldriger Läufer passiv
steht.} (14. Bd4 c5 15. c4 cxd4 16. cxd5 Qc5 $11) 14... Bc5 {[%csl Gc5]} 15.
Qd3 (15. c4 Ne7 16. b3 Qc7 $11) 15... Qc7 $5 {[%mdl 4] Dieser Zug scheint mir
präziser als die sofortige Rochade.} 16. Qe4 (16. Qc4 Ba7 17. Qe4 O-O 18. Bxa6
f5 19. exf6 Rb4 20. Qe2 Nxf6 21. Be3 Ng4 $1 $15 (21... Rxb2 22. Bxa7 Qxa7 23.
Bc4 Rb4 24. g3 Qc5 25. Bb3 Re4 26. Qd3 Rd4 27. Qe2 Ne4 28. Qe3 d5 {0-1
Kaminski,M-Miladinovic,I/Moscow (ol) 1994/Inf 62/[Kaminski,M] (43)}) 22. g3 $8
Nxe3 23. fxe3 Qe5 {0-1 Landa,K-Liang Jinrong/Beijing 1997/CBM 61/[Ribli] (29)})
(16. Qg3 {Dieser Zug wäre stärker nach von 16...0-0.} Bd4 17. Qxg7 Bxe5 $15)
16... O-O {Das ist natürlich eine vorbereitete Neuerung. Schwarz kümmert sich
nicht um den Pa6, sondern schließt die Entwicklung ab.} (16... a5 17. Bd3 (17.
c4 Ne7 18. Kh1 (18. b3 Ng6 19. Bb2 O-O 20. Kh1 d5 21. exd6 Bxd6 22. Rad1 Rfd8
23. Bf3 c5 24. Qc6 Ne5 25. Qxc7 Bxc7 26. Bxe5 Bxe5 27. Rxd8+ Rxd8 28. Rd1 Bd4 {
0-1 Djoric -Marjanovic /Ch Yugoslavia tt 1996 (54)}) 18... O-O 19. Bd3 Ng6 20.
f4 d6 $10 {Beliavsky,A-Andersson,U/Wijk/1984/INF37,201/}) 17... d6 18. exd6
Bxd6 19. g3 Nf6 20. Qe2 O-O 21. Bg5 Be5 22. c3 h6 23. Be3 Nd5 {1/2-1/2 Rogic,
D-Ribli,Z/Porec 1998/EXT 99/[RZ] (29)}) 17. Bd3 {Ob es nun gut oder schlecht
ist, besser wäre es in jedem Fall, auf a6 zu nehmen. Nach der
Partiefortsetzung bekommt Schwarz die Initiative.} (17. Bxa6 f5 (17... Rb4 18.
Qe2 $14) 18. exf6 Rxf6 $44 {Schwarz hat positionellen Druck am Königsflügel.})
17... f5 18. exf6 (18. Qe2 Bd4 $17 {[%cal Rd4e5,Rd4b2]}) 18... Nxf6 19. Qh4 d5
$15 {[%cal Gb8b2,Gf8f2] Beide schwarzen Türme besetzen die offenen Linien,
zudem beherrscht Schwarz das Zentrum.} 20. b3 (20. Bxa6 Ne4 $36) 20... e5 {
[%csl Gd5,Ge5] Die schwarzen Bauern bilden ein starkes Zentrum, die weiße
Stellung hingegen ist passiv.} 21. Bd2 a5 {[%mdl 32] Früher oder später muss
Schwarz so spielen, denn in einigen Varianten hängt der Bauer auf a6.} 22. Kh1
(22. a4 Bb4 $15) 22... e4 23. Be2 a4 {Ein für diese Variante typisches Motiv.
Auf diese Weise wird Schwarz seinen a-Bauern los.} 24. Rad1 (24. f3 e3 $15)
24... Qa7 {[%cal Ga7a2,Ga7f2] Die Dame steht aktiv auf a7 - sie kontrolliert
zugleich die Diagonale a7-g1 und die a-Linie.} 25. Bf4 $6 (25. Bc3 d4 $15)
25... Rbe8 26. Bg3 {Der Pf2 ist gut verteidigt, aber die weißen Figuren am
Königsflügel stehen schlecht.} axb3 27. axb3 Qa2 $17 {Dieser Zug gewinnt
eigentlich einen Bauern, denn Weiß kann den Pc2 nicht mehr halten.} 28. Qg5 (
28. Rfe1 Bb4 $17 (28... Qxc2 29. Rc1 Qd2 $17)) (28. Rc1 Ba3 29. Ra1 Qxc2 $17) (
28. Bh5 g6 29. Bg4 Qxc2 30. Rc1 Qd3 $17) 28... Qxc2 29. Qc1 Qxe2 30. Qxc5 {
Weiß hat etwas Aktivität, aber das ist wenig - Schwarz hat eine starke
Bauernmasse c6-d5-e4 und einen Mehrbauern.} Re6 31. Rfe1 Qa2 (31... Qb5 $6 32.
Qxb5 cxb5 33. Rd4 $15) 32. b4 Nh5 33. Bd6 $6 (33. Bh4) 33... Qxf2 $19 {Dank
der schlechten weißen Königsstellung gewinnt Schwarz einen weiteren Bauern.}
34. Ra1 (34. Bxf8 Ng3+ 35. hxg3 Rh6#) (34. Qxf2 Rxf2 35. Bc5 Rb2 $19) 34...
Qxc5 35. Bxc5 Rfe8 {Mit zwei Mehrbauern steht Schwarz auf Gewinn.} 36. Ra7 Nf6
(36... Nf4 $19) 37. Re3 Rd8 {[%cal Gd8d7,Gd7a7]} 38. Rg3 Rd7 39. Ra6 d4 {
Der Vormarsch des d-Bauern gewinnt leicht.} 40. b5 d3 0-1